000 02202cam a22003131 4500
001 10353868
003 OS-DLC
005 20180103033102.0
008 711029r19671927nyuac b 010 0 eng
010 _a 67023212
035 _a(OCoLC)167412
040 _aDLC
_cODaWU
_dOCoLC
_dDLC
042 _apremarc
050 0 0 _a330
_b.E3 1967
082 _a330 CLA
245 0 0 _aEconomic essays,
_bcontributed in honor of John Bates Clark.
_cEdited by Jacob H. Hollander. Published on behalf of the American Economic Association.
260 _aFreeport, N.Y.,
_bBooks for Libraries Press
_c[1967]
300 _avii, 368 p.
_billus., port.
_c22 cm.
440 0 _aEssay index reprint series
500 _a"First published 1927."
500 _aThe farmers' indemnity, by A. S. Johnson.--Eight-hour theory in the American Federation of Labor, by H. R. Mussey.--The holding movement in agriculture, by J. E. Pope.--The early teaching of economics in the United States, by E. R. A. Seligman.--A functional theory of economic profit, by C. A. Tuttle.--"Bibliography of the writings of John Bates Clark" (p. 339-351)
505 0 _aJohn Bates Clark as an economist, by J. H. Hollander.--Static economics and business forecasting, by B. M. Anderson, Jr.--The entrepreneur and the supply of capital by G. E. Barnett.--The Malthusiad: fantasia economica, by J. Bonar.--The static state and the technology of economic reform, by T. N. Carver.--The relation between statics and dynamics, by J. M. Clark.--Elasticity of supply as a determinant of distribution, by P. H. Douglas.--Land economics, by R. T. Ely.--Clark's reformulation of the capital concept, by F. A. Fetter.--A statistical method for measuring "mariginal utility" and testing the justice of a progressive income tax, by I. Fisher.--Alternatives seen as basic economic facts, by F. H. Giddings.--Les coopératives dans les pays latins: un problème de géographie sociale, by C. Gide.
650 0 _aEconomics.
700 1 _aClark, John Bates,
_d1847-1938.
700 1 _aHollander, Jacob H.
_q(Jacob Harry),
_d1871-1940,
_eed.
710 2 _aAmerican Economic Association.
906 _a7
_bcbc
_coclcrpl
_du
_encip
_f19
_gy-gencatlg
942 _2ddc
_cBK
999 _c39591
_d39591